| 000 | 00957cam a2200265 a 4500 | ||
|---|---|---|---|
| 001 | 000007164 | ||
| 005 | 20200929154102.0 | ||
| 008 | 970415s1998 pr a 000 0dspa d | ||
| 020 | _z01563280256 | ||
| 035 | _a(DLC) 97139681 | ||
| 035 | _a(CStRLIN)PAUGEAD7909-B | ||
| 040 |
_aDO-SdBNP _bspa _cPU _dDLC _dBNPHU |
||
| 082 |
_a972.95 _bR696p, 1998 |
||
| 100 | 1 |
_aRodríguez Juliá, Edgardo, _d1946- _919892 |
|
| 245 | 1 | 0 |
_aPuertorriqueños : _bálbum de la sagrada familia puertorriqueña a partir de 1898 / _cEdgardo Rodríguez Juliá. |
| 250 | _a4a ed. | ||
| 260 |
_aRio Piedras, (Puerto Rico) : _bPlaza Mayor, _c1998. |
||
| 300 |
_a172 p. : _bil. ; _c22 cm. |
||
| 490 | 1 | _aBiblioteca de autores de Puerto Rico | |
| 651 | 4 |
_aPuerto Rico _xVida Social Y Costumbre _919893 |
|
| 600 | 1 | 4 |
_aRODRÍGUEZ JULIÁ, EDGARDO, _d1946- _xFAMILIA. _919894 |
| 830 | 0 |
_aBiblioteca de autores de Puerto Rico _99722 |
|
| 910 | _aCatalogación derivada / LC | ||
| 049 | _aBNGR | ||
| 999 |
_c6945 _d6945 |
||